Statistics for Countries with the Lowest Obesity Rate

Click here to take the quiz!

General Stats

  • This quiz has been taken 27 times
  • The average score is 6 of 10

Answer Stats

Obesity RateCountry% Correct
3.9%Cambodia
79%
4.3%Japan
79%
4.7%South Korea
79%
2.1%Vietnam
79%
3.6%Bangladesh
75%
3.9%India
67%
4.1%Nepal
58%
3.8%East Timor
33%
4.5%Ethiopia
33%
5.0%Eritrea
17%

Score Distribution

Percentile by Number Answered

Percent of People with Each Score

Your Score History

You have not taken this quiz